Manual del batismo de adultos y del matrimonio de los bautizados
Saved in:
| Hovedforfatter: | |
|---|---|
| Format: | Bog |
| Sprog: | spansk |
| Udgivet: |
Ciudad de México
Frente de Afirmación Hispanista
1997
|
| Fag: | |
| Tags: |
Tilføj Tag
Ingen Tags, Vær først til at tagge denne postø!
|
MARC
| LEADER | 00000nam a2200000 a 4500 | ||
|---|---|---|---|
| 001 | UCQ2212 | ||
| 003 | CL-VaPUC | ||
| 008 | 980721e19970000MX |||||||||||||||||spa|d | ||
| 082 | 0 | 4 | |a 277.2 |b FOC |2 21 |
| 100 | 0 | |a Focher, Juan |e author |9 416177 | |
| 245 | 1 | 0 | |a Manual del batismo de adultos y del matrimonio de los bautizados |
| 300 | |a 190 p | ||
| 942 | |c BK | ||
| 945 | |d 19980721 00:00:00 |a aalvarez | ||
| 260 | |a Ciudad de México |b Frente de Afirmación Hispanista |c 1997 | ||
| 650 | 7 | |a HISTORIA ECLESIASTICA |2 CL-VaPUC |9 416178 | |
| 651 | 0 | |a América Latina |9 255027 | |
| 651 | 0 | |a América |9 255182 | |
| 651 | 0 | |a México |9 255269 | |
| 583 | |a last modification |c 19980721 00:00:00 |k Rodrigo Vera | ||
| 999 | |c 273052 |d 273050 | ||
| 952 | |0 0 |1 0 |4 0 |6 277_200000000000000_FOC_1997 |7 0 |8 A |9 308329 |a BIBTEO |b BIBTEO |d 2019-11-20 |i 3445151 |o 277.2 FOC 1997 |p 3445151 |r 2025-01-17 |w 2019-11-20 |y BK |k ICR | ||